[Event "Montcalm IV 2005-06"]
[Site "Quebec CAN"]
[Date "2006.02.09"]
[Round "5"]
[White "Sauve, Richard"]
[Black "Perreault, Jacquelin"]
[Result "1-0"]
[WhiteElo "1883"]
[BlackElo "1815"]
[PlyCount "61"]
[EventDate "2006.01.12"]
[EventType "tourn"]
[EventRounds "5"]
[EventCountry "CAN"]

1. d4 Nf6 2. c4 e6 3. Nc3 Bb4 4. Qc2 O-O 5. Bg5 b6 6. a3 Bxc3+ 7. Qxc3 Bb7 8.
e3 d6 9. f3 Nbd7 10. Bd3 h6 11. Bh4 c5 12. Ne2 Rc8 13. Qd2 Re8 14. O-O Ba6 15.
Rac1 d5 16. cxd5 Bxd3 17. Qxd3 exd5 18. Nc3 g5 19. Bf2 c4 20. Qf5 Nf8 21. h4
N8h7 22. hxg5 hxg5 23. e4 dxe4 24. fxe4 Qd7 25. Qxd7 Nxd7 26. Nb5 Rxe4 27. Nd6
Rce8 28. Rxc4 R8e6 29. Nxe4 Rxe4 30. Rc7 Nhf6 31. Rxa7 1-0

[Event "Montcalm V 2005-06"]
[Site "Quebec CAN"]
[Date "2006.02.16"]
[Round "1"]
[White "Angers, Gilles"]
[Black "Oliver, Vance"]
[Result "1-0"]
[WhiteElo "1965"]
[BlackElo "1397"]
[PlyCount "67"]
[EventDate "2006.02.16"]
[EventType "swiss"]
[EventRounds "5"]
[EventCountry "CAN"]

1. e4 d6 2. d4 Nf6 3. Nc3 g6 4. Be2 Bg7 5. h4 h5 6. Nf3 c5 7. Bg5 cxd4 8. Nxd4
Qa5 9. Nb3 Qb6 10. Be3 Qd8 11. f3 Nc6 12. Qd2 a6 13. O-O-O b5 14. Nd5 Nd7 15.
Nd4 Bb7 16. Nxc6 Bxc6 17. Kb1 Bxd5 18. Qxd5 O-O 19. Qd2 Nb6 20. g4 Nc4 21. Bxc4
bxc4 22. c3 Qa5 23. Bd4 Rfb8 24. Bxg7 Kxg7 25. Qd4+ f6 26. Qxc4 Rc8 27. Qe6 Ra7
28. Rd5 Qc7 29. gxh5 Rb7 30. Rd3 Rxb2+ 31. Kxb2 Qb6+ 32. Ka1 Rc7 33. hxg6 Kh6
34. Qb3 1-0

[Event "Montcalm V 2005-06"]
[Site "Quebec CAN"]
[Date "2006.02.16"]
[Round "1"]
[White "Berube, Antoine"]
[Black "Bourassa, Andre"]
[Result "1-0"]
[WhiteElo "2191"]
[BlackElo "1718"]
[PlyCount "109"]
[EventDate "2006.02.16"]
[EventType "swiss"]
[EventRounds "5"]
[EventCountry "CAN"]

1. e4 c5 2. Nf3 d6 3. d4 cxd4 4. Nxd4 Nf6 5. Nc3 a6 6. Be3 e5 7. Nb3 Be6 8. f3
Nbd7 9. Qd2 Nc5 10. O-O-O Nxb3+ 11. cxb3 Rc8 12. Kb1 Be7 13. g4 Nd7 14. g5 Qa5
15. h4 Nc5 16. Nd5 Qxd2 17. Rxd2 Bd8 18. b4 Nd7 19. b5 a5 20. Bh3 Nc5 21. b3
Bxh3 22. Rxh3 Kd7 23. Rh1 Ne6 24. Rhd1 Nc5 25. Kb2 Ke6 26. a4 f6 27. Bxc5 Rxc5
28. Ne3 Be7 29. gxf6 gxf6 30. Nc4 Rd8 31. Nxa5 Rd7 32. Nc4 Rd8 33. Ne3 Bf8 34.
Rd3 Bh6 35. b4 Bxe3 36. bxc5 Bxc5 37. Kb3 b6 38. Ra1 Ra8 39. Ra2 f5 40. Rg2 Ra7
41. Rg5 fxe4 42. fxe4 Rf7 43. Rdg3 d5 44. exd5+ Kxd5 45. Rg7 Rf4 46. Rd7+ Ke6
47. Rxh7 Rb4+ 48. Kc2 Rxa4 49. h5 e4 50. h6 Bf2 51. Rg8 e3 52. Rb7 Ra2+ 53. Kd3
Rd2+ 54. Ke4 e2 55. Rg6# 1-0

[Event "Montcalm V 2005-06"]
[Site "Quebec CAN"]
[Date "2006.02.16"]
[Round "1"]
[White "Boulianne, Gabriel"]
[Black "Caron, Sebastien"]
[Result "1/2-1/2"]
[WhiteElo "1428"]
[BlackElo "1920"]
[PlyCount "65"]
[EventDate "2006.02.16"]
[EventType "swiss"]
[EventRounds "5"]
[EventCountry "CAN"]

1. e4 c5 2. Nf3 d6 3. Bb5+ Bd7 4. Bxd7+ Nxd7 5. c3 Ngf6 6. Qe2 e5 7. d3 Qc7 8.
Na3 a6 9. Nc2 Qc6 10. c4 b5 11. Nd2 g6 12. O-O Bh6 13. f3 Nh5 14. g3 O-O 15.
Ne3 Nb6 16. b3 f5 17. exf5 gxf5 18. f4 Bxf4 19. gxf4 Nxf4 20. Rxf4 exf4 21.
Qg2+ Qxg2+ 22. Nxg2 Kf7 23. Nxf4 Nd7 24. Bb2 Rg8+ 25. Kf2 Rg4 26. Nd5 Rag8 27.
Ne3 R4g6 28. Nxf5 Rg2+ 29. Ke3 R8g5 30. Nxd6+ Ke6 31. N6e4 Rh5 32. Rf1 Rh3+ 33.
Nf3 1/2-1/2

[Event "Montcalm V 2005-06"]
[Site "Quebec CAN"]
[Date "2006.02.16"]
[Round "1"]
[White "Cournoyer, Dominic"]
[Black "Audet-Bouchard, Nicolas"]
[Result "0-1"]
[WhiteElo "1738"]
[BlackElo "2200"]
[PlyCount "86"]
[EventDate "2006.02.16"]
[EventType "swiss"]
[EventRounds "5"]
[EventCountry "CAN"]

1. d4 Nf6 2. Nc3 d6 3. e4 g6 4. Be3 c6 5. Bd3 Bg7 6. Qd2 Ng4 7. O-O-O Nxe3 8.
Qxe3 b5 9. e5 O-O 10. h4 dxe5 11. dxe5 Qb6 12. Qxb6 axb6 13. Nf3 b4 14. Ne4
Rxa2 15. Kb1 Ra5 16. Bc4 Bxe5 17. h5 Bg7 18. hxg6 hxg6 19. Neg5 e6 20. Rd3 b5
21. Ba2 c5 22. Rhd1 Nc6 23. Rd6 Bb7 24. Nxe6 Rfa8 25. Nxg7 Rxa2 26. Kc1 Kxg7
27. Rd7 Ra1+ 28. Kd2 Rxd1+ 29. Kxd1 Rd8 30. Rxd8 Nxd8 31. Ne1 c4 32. f3 Kf6 33.
c3 b3 34. Ke2 Ke5 35. Ke3 Ne6 36. g3 g5 37. Ng2 f5 38. f4+ Kd6 39. Ne1 gxf4+
40. gxf4 Be4 41. Nf3 Bxf3 42. Kxf3 Kd5 43. Ke3 Nc5 0-1

[Event "Montcalm V 2005-06"]
[Site "Quebec CAN"]
[Date "2006.02.16"]
[Round "1"]
[White "Fortier, Bertrand"]
[Black "Auger, Bertrand"]
[Result "0-1"]
[WhiteElo "1677"]
[BlackElo "2038"]
[PlyCount "66"]
[EventDate "2006.02.16"]
[EventType "swiss"]
[EventRounds "5"]
[EventCountry "CAN"]

1. d4 e6 2. e4 d5 3. exd5 exd5 4. Bd3 Bd6 5. Nf3 Ne7 6. O-O O-O 7. Bg5 f6 8.
Bc1 Bf5 9. Re1 Bxd3 10. Qxd3 Qd7 11. c4 c6 12. c5 Bc7 13. Qe2 Ng6 14. Qe6+ Qxe6
15. Rxe6 Kf7 16. Re1 Nd7 17. Nc3 Rfe8 18. Kf1 Ngf8 19. b4 Ne6 20. a4 g5 21. h3
h5 22. g4 Rh8 23. Be3 Ndf8 24. Kg2 Ng6 25. Ne2 hxg4 26. hxg4 Nh4+ 27. Nxh4 Rxh4
28. Rh1 Rxg4+ 29. Kf3 Rh4 30. Rxh4 gxh4 31. Rh1 Rh8 32. Kg4 Rg8+ 33. Kf5 Rg6
0-1

[Event "Montcalm V 2005-06"]
[Site "Quebec CAN"]
[Date "2006.02.16"]
[Round "1"]
[White "Foucreault, Laurent"]
[Black "Lessard, Claude"]
[Result "0-1"]
[WhiteElo "1425"]
[BlackElo "1958"]
[PlyCount "44"]
[EventDate "2006.02.16"]
[EventType "swiss"]
[EventRounds "5"]
[EventCountry "CAN"]

1. d4 Nf6 2. c4 c5 3. d5 b5 4. cxb5 a6 5. e3 g6 6. Nc3 Bg7 7. Nf3 d6 8. Bd3 O-O
9. O-O axb5 10. Bxb5 Ba6 11. Bxa6 Rxa6 12. Qc2 Nbd7 13. Rb1 Ng4 14. b3 Qa8 15.
Bb2 Nge5 16. Nxe5 Nxe5 17. a4 c4 18. b4 Nd3 19. b5 Ra5 20. e4 Qa7 21. Nd1 Nxb2
22. Nxb2 c3 0-1

[Event "Montcalm V 2005-06"]
[Site "Quebec CAN"]
[Date "2006.02.16"]
[Round "1"]
[White "Sauve, Richard"]
[Black "Comsulea, Liviu"]
[Result "1-0"]
[WhiteElo "2011"]
[BlackElo "1424"]
[PlyCount "39"]
[EventDate "2006.02.16"]
[EventType "swiss"]
[EventRounds "5"]
[EventCountry "CAN"]

1. d4 Nf6 2. c4 d5 3. cxd5 Qxd5 4. Nc3 Qd8 5. Nf3 e6 6. Bg5 Be7 7. e4 Nbd7 8.
Bc4 c6 9. O-O h6 10. Be3 Qc7 11. Qd2 Bb4 12. Bd3 e5 13. a3 exd4 14. Nxd4 Bd6
15. h3 Ne5 16. Be2 Ng6 17. f4 Nh7 18. Ndb5 cxb5 19. Nxb5 Qd7 20. Nxd6+ 1-0

[Event "Montcalm V 2005-06"]
[Site "Quebec CAN"]
[Date "2006.02.16"]
[Round "1"]
[White "Tremblay, Rejean"]
[Black "Monga, Alain"]
[Result "1-0"]
[WhiteElo "2303"]
[BlackElo "1710"]
[PlyCount "69"]
[EventDate "2006.02.16"]
[EventType "swiss"]
[EventRounds "5"]
[EventCountry "CAN"]

1. d4 d5 2. c4 c6 3. Nf3 Nf6 4. Nc3 e6 5. Bg5 Nbd7 6. cxd5 cxd5 7. Rc1 a6 8. e3
h6 9. Bh4 Be7 10. Bd3 b5 11. O-O Bb7 12. Ne5 Nxe5 13. dxe5 Nd7 14. Bg3 Nc5 15.
Bb1 Rc8 16. Qg4 g6 17. h4 h5 18. Qf4 Qb6 19. f3 Rg8 20. Bf2 Qd8 21. Rfd1 g5 22.
hxg5 Bxg5 23. Qd4 Nd7 24. f4 Rc4 25. Qa7 Bxf4 26. exf4 Rxf4 27. Qxb7 Qg5 28.
Qc8+ Ke7 29. Bc5+ Nxc5 30. Qxc5+ Kd8 31. Qd6+ Ke8 32. Qb8+ Kd7 33. Qb7+ Ke8 34.
Qc8+ Ke7 35. Nxd5+ 1-0

[Event "Montcalm V 2005-06"]
[Site "Quebec CAN"]
[Date "2006.02.23"]
[Round "2"]
[White "Audet-Bouchard, Nicolas"]
[Black "Angers, Gilles"]
[Result "1-0"]
[WhiteElo "2200"]
[BlackElo "1965"]
[PlyCount "39"]
[EventDate "2006.02.16"]
[EventType "swiss"]
[EventRounds "5"]
[EventCountry "CAN"]

1. e4 e6 2. d4 d5 3. Nc3 Nf6 4. Bg5 dxe4 5. Nxe4 Nbd7 6. Nf3 Be7 7. Nxf6+ Bxf6
8. h4 O-O 9. Qe2 e5 10. Bxf6 Qxf6 11. O-O-O h6 12. d5 Nb6 13. Qe3 Bg4 14. Qe4
Bxf3 15. gxf3 h5 16. Rg1 Nd7 17. Rg5 g6 18. Bb5 Nc5 19. Qxe5 Qb6 20. Rdg1 1-0

[Event "Montcalm V 2005-06"]
[Site "Quebec CAN"]
[Date "2006.02.23"]
[Round "2"]
[White "Auger, Bertrand"]
[Black "Lapierre, Gaetan"]
[Result "1-0"]
[WhiteElo "2038"]
[BlackElo "1821"]
[PlyCount "37"]
[EventDate "2006.02.16"]
[EventType "swiss"]
[EventRounds "5"]
[EventCountry "CAN"]

1. Nf3 d5 2. g3 Nf6 3. Bg2 c5 4. O-O e6 5. d4 Nc6 6. c4 dxc4 7. Na3 cxd4 8.
Nxc4 Be7 9. Qb3 O-O 10. Rd1 Bd7 11. Nxd4 Nd5 12. Nxc6 bxc6 13. e4 Nf6 14. Bf4
Qc8 15. Nd6 Qa6 16. Qb7 Qa5 17. Nc4 Qc5 18. Rac1 Rab8 19. Bxb8 1-0

[Event "Montcalm V 2005-06"]
[Site "Quebec CAN"]
[Date "2006.02.23"]
[Round "2"]
[White "Bourassa, Andre"]
[Black "Chabot, Sebastien"]
[Result "1-0"]
[WhiteElo "1718"]
[BlackElo "1033"]
[PlyCount "81"]
[EventDate "2006.02.16"]
[EventType "swiss"]
[EventRounds "5"]
[EventCountry "CAN"]

1. d4 g6 2. c4 Bg7 3. Nc3 Nf6 4. e4 d6 5. f3 Nc6 6. Be3 b6 7. b4 a5 8. b5 Nb4
9. a3 c5 10. axb4 cxb4 11. Na4 Bb7 12. Bd3 Qc7 13. Rc1 e6 14. d5 e5 15. Bxb6
Qe7 16. c5 Nh5 17. c6 Bc8 18. Bf2 Bh6 19. Rc2 O-O 20. Ne2 Ng7 21. b6 Ba6 22.
Bxa6 Rae8 23. c7 Qd7 24. Rc6 Bf4 25. b7 Qe7 26. c8=Q Qg5 27. Qh3 f5 28. Nxf4
Qxf4 29. Rc7 Nh5 30. O-O Qg5 31. Nb6 Qd8 32. Rd7 Qg5 33. Rxd6 Qe7 34. Bc5 Qg5
35. Rd7 Rf7 36. Rxf7 Kxf7 37. d6 Ng7 38. d7 Rd8 39. Qd5+ Ne6 40. Qxh7+ Kf6 41.
Be7# 1-0

[Event "Montcalm V 2005-06"]
[Site "Quebec CAN"]
[Date "2006.02.23"]
[Round "2"]
[White "Caron, Sebastien"]
[Black "Gagnon-Paradis, Ulysse"]
[Result "1-0"]
[WhiteElo "1920"]
[BlackElo "1460"]
[PlyCount "30"]
[EventDate "2006.02.16"]
[EventType "swiss"]
[EventRounds "5"]
[EventCountry "CAN"]

1. e4 c5 2. Nf3 e6 3. d4 cxd4 4. Nxd4 Nc6 5. Be2 d5 6. exd5 exd5 7. Bf4 Nxd4 8.
Qxd4 Nf6 9. Nc3 Be7 10. Nb5 Qa5+ 11. c3 O-O 12. Bc7 b6 13. a4 Bc5 14. Qxc5 bxc5
15. Bxa5 Re8 1-0

[Event "Montcalm V 2005-06"]
[Site "Quebec CAN"]
[Date "2006.02.23"]
[Round "2"]
[White "Comsulea, Liviu"]
[Black "Cournoyer, Dominic"]
[Result "0-1"]
[WhiteElo "1424"]
[BlackElo "1738"]
[PlyCount "184"]
[EventDate "2006.02.16"]
[EventType "swiss"]
[EventRounds "5"]
[EventCountry "CAN"]

1. e4 c6 2. d4 d5 3. e5 Bf5 4. a3 e6 5. c4 b6 6. cxd5 Bxb1 7. Rxb1 Qxd5 8. Be3
Ne7 9. Nf3 Nf5 10. Rc1 Nxe3 11. fxe3 Be7 12. Bc4 Qe4 13. Qe2 O-O 14. O-O c5 15.
Rcd1 cxd4 16. exd4 Qxe2 17. Bxe2 Nc6 18. Bb5 Rac8 19. Rf2 Na5 20. Nd2 Bg5 21.
Ne4 Be3 22. Nd6 Bxf2+ 23. Kxf2 Rc2+ 24. Kf3 f6 25. b4 Nc6 26. Ke4 Ne7 27. Bd7
g6 28. Bxe6+ Kh8 29. Rf1 f5+ 30. Kf3 Rd2 31. Rc1 Rxd4 32. Ke3 Rg4 33. g3 Ng8
34. Rc7 a5 35. bxa5 bxa5 36. Nf7+ Rxf7 37. Bxf7 Re4+ 38. Kf3 Nh6 39. Be8 Rxe5
40. Rc8 Kg7 41. a4 Ng4 42. h3 Nh2+ 43. Kf2 g5 44. Bb5 g4 45. hxg4 Nxg4+ 46. Kf3
Ne3 47. Rc6 Nd5 48. Ra6 Nc3 49. Kf4 Rc5 50. Rxa5 Kf6 51. Ra6+ Kg7 52. Bd3 Nd5+
53. Kg5 Nc7 54. Ra7 h6+ 55. Kf4 Kf6 56. a5 Nd5+ 57. Kf3 Rc3 58. Ke2 Nb4 59. Bb1
Rb3 60. Bxf5 Kxf5 61. Rb7 Rb2+ 62. Kd1 Nd3 63. a6 Ra2 64. a7 Kg4 65. Rg7+ Kh5
66. Rd7 Nf2+ 67. Ke1 Ng4 68. Kf1 Ne3+ 69. Kg1 Nc4 70. g4+ Kg5 71. Rd5+ Kh4 72.
Rh5+ Kg3 73. Kf1 Ne3+ 74. Ke1 Nxg4 75. Rb5 Rxa7 76. Rb3+ Kf4 77. Kf1 Ra2 78.
Rh3 Kg5 79. Rg3 h5 80. Rb3 Kf5 81. Kg1 h4 82. Rh3 Kg5 83. Rb3 Ne5 84. Rb5 Kf5
85. Rb4 Nf3+ 86. Kf1 h3 87. Rb8 h2 88. Rh8 Ke4 89. Re8+ Kf4 90. Rf8+ Kg4 91.
Rh8 Nh4 92. Rg8+ Kh3 0-1

[Event "Montcalm V 2005-06"]
[Site "Quebec CAN"]
[Date "2006.02.23"]
[Round "2"]
[White "Gagnon, Alain"]
[Black "Marquardt, Christian"]
[Result "0-1"]
[WhiteElo "1644"]
[BlackElo "2056"]
[PlyCount "84"]
[EventDate "2006.02.16"]
[EventType "swiss"]
[EventRounds "5"]
[EventCountry "CAN"]

1. d4 Nf6 2. c4 e6 3. Nc3 Bb4 4. Qc2 O-O 5. Bg5 h6 6. Bh4 d5 7. Nf3 c6 8. e3
Nbd7 9. Bd3 dxc4 10. Bxc4 b5 11. Bd3 a6 12. Ne5 Qb6 13. O-O Nxe5 14. dxe5 Nd7
15. f4 Bc5 16. Ne4 Bxe3+ 17. Kh1 Bb7 18. Qe2 Bd4 19. Qg4 Kh8 20. Ng5 Qc7 21.
Nxe6 fxe6 22. Qg6 Nf6 23. exf6 gxf6 24. Qxh6+ Kg8 25. Rf3 f5 26. Rg3+ Bg7 27.
Qxe6+ Qf7 28. Bxf5 Rae8 29. Qxf7+ Rxf7 30. Bc2 Rxf4 31. Bb3+ Kf8 32. Bg5 Rf5
33. Rd1 c5 34. Bh6 Bxh6 35. Rg8+ Ke7 36. Re1+ Be3 37. Rxe8+ Kxe8 38. Rxe3+ Kd8
39. h3 Rf2 40. Rg3 c4 41. Bxc4 bxc4 42. b3 Rxg2 0-1

[Event "Montcalm V 2005-06"]
[Site "Quebec CAN"]
[Date "2006.02.23"]
[Round "2"]
[White "L'Heureux, Clement"]
[Black "Guay, Etienne"]
[Result "1-0"]
[WhiteElo "1927"]
[BlackElo "1541"]
[PlyCount "81"]
[EventDate "2006.02.16"]
[EventType "swiss"]
[EventRounds "5"]
[EventCountry "CAN"]

1. d4 Nf6 2. Nc3 d5 3. Bg5 Nbd7 4. Qd3 h6 5. Bh4 e6 6. Nf3 Be7 7. e4 dxe4 8.
Nxe4 b6 9. O-O-O Bb7 10. Nxf6+ Bxf6 11. Bxf6 Qxf6 12. Qe3 O-O 13. Bd3 c5 14.
Ne5 Nxe5 15. dxe5 Qe7 16. Be4 Bxe4 17. Qxe4 Rfd8 18. f4 Rac8 19. b3 Rc7 20.
Rxd8+ Qxd8 21. Rd1 Rd7 22. Rxd7 Qxd7 23. Qa8+ Kh7 24. Qe4+ Kh8 25. c4 g6 26.
Kc2 Kg7 27. g3 h5 28. h3 Qe7 29. Qd3 g5 30. Qd6 Qxd6 31. exd6 Kf8 32. fxg5 Ke8
33. Kd3 Kd7 34. Ke4 Kxd6 35. h4 e5 36. Kf5 a6 37. a3 b5 38. a4 bxa4 39. bxa4 a5
40. g4 hxg4 41. Kxg4 1-0

[Event "Montcalm V 2005-06"]
[Site "Quebec CAN"]
[Date "2006.02.23"]
[Round "2"]
[White "Lessard, Claude"]
[Black "Tremblay, Rejean"]
[Result "1-0"]
[WhiteElo "1958"]
[BlackElo "2303"]
[PlyCount "105"]
[EventDate "2006.02.16"]
[EventType "swiss"]
[EventRounds "5"]
[EventCountry "CAN"]

1. d4 e6 2. Nf3 Nf6 3. e3 c5 4. c3 Nc6 5. Bd3 d5 6. O-O Be7 7. Nbd2 O-O 8. Re1
b6 9. Nf1 Bb7 10. Ng3 Rc8 11. Qe2 Rc7 12. Bd2 Qa8 13. Ne5 Nxe5 14. dxe5 Ne4 15.
Rad1 Nxg3 16. hxg3 Rd8 17. f4 c4 18. Bc2 b5 19. Rf1 Rc6 20. g4 Qb8 21. Be1 a5
22. Bg3 Qa7 23. Kh2 Bc5 24. Rf3 Rcc8 25. Bh4 Rd7 26. Rh3 g6 27. Bf6 Bf8 28. g5
Bg7 29. Rd4 Qc5 30. Qg4 h5 31. gxh6 Bxf6 32. exf6 Kh7 33. f5 Qd6+ 34. Kg1 Rg8
35. fxg6+ fxg6 36. Rg3 e5 37. Bxg6+ Kh8 38. Rd1 Bc8 39. Qh4 Rc7 40. f7 Rf8 41.
Rxd5 Qe6 42. Rd8 Rcxf7 43. Bxf7 Qxf7 44. Rf3 Qxf3 45. gxf3 Rxd8 46. Qxd8+ Kh7
47. Qf8 Kg6 48. Qg7+ Kf5 49. h7 e4 50. Qg4+ Ke5 51. h8=Q+ Kd6 52. Qhxc8 exf3
53. Qge6# 1-0

[Event "Montcalm V 2005-06"]
[Site "Quebec CAN"]
[Date "2006.02.23"]
[Round "2"]
[White "Perreault, Jacquelin"]
[Black "Berube, Antoine"]
[Result "0-1"]
[WhiteElo "1795"]
[BlackElo "2191"]
[PlyCount "130"]
[EventDate "2006.02.16"]
[EventType "swiss"]
[EventRounds "5"]
[EventCountry "CAN"]

1. e4 c5 2. Nf3 d6 3. d4 cxd4 4. Nxd4 Nf6 5. Nc3 a6 6. Bc4 e6 7. Bb3 Nbd7 8.
O-O Nc5 9. Re1 b5 10. Bg5 Bb7 11. a3 Be7 12. f3 O-O 13. Ba2 Qb6 14. Be3 b4 15.
axb4 Qxb4 16. Nb3 Rfd8 17. Qd4 Qb6 18. Rad1 Rac8 19. Qd2 Qc7 20. Qf2 Nfd7 21.
Bd4 Nxb3 22. Bxb3 Nc5 23. Ba2 Ba8 24. Qe3 Qa5 25. Qd2 Bf8 26. Ra1 Qb4 27. Rab1
Na4 28. Red1 e5 29. Nxa4 Qxa4 30. Bb6 Qxa2 31. Bxd8 Rxd8 32. Qc3 Qe6 33. Qa5
Qc8 34. c3 Rd7 35. Ra1 Bb7 36. Kh1 Rc7 37. Rac1 Rc5 38. Qa1 g6 39. Rc2 f5 40.
exf5 Qxf5 41. Qa2+ Kg7 42. b4 Rc7 43. c4 Rf7 44. c5 dxc5 45. bxc5 Bc6 46. Qb2
Rb7 47. Qa2 Be7 48. Rb2 Rxb2 49. Qxb2 Qe6 50. f4 Bxc5 51. Qxe5+ Qxe5 52. fxe5
Bb5 53. Rc1 Bb6 54. Rc8 Kf7 55. Rb8 Bd4 56. Rb7+ Ke6 57. Rxh7 Kxe5 58. h4 Bd3
59. h5 a5 60. hxg6 Bxg6 61. Re7+ Kd6 62. Re1 a4 63. Rd1 Kd5 64. Rd2 a3 65. g4
Bb1 0-1

[Event "Montcalm V 2005-06"]
[Site "Quebec CAN"]
[Date "2006.02.31"]
[Round "3"]
[White "Angers, Gilles"]
[Black "Cummins, Paul"]
[Result "0-1"]
[WhiteElo "1965"]
[BlackElo "1745"]
[PlyCount "48"]
[EventDate "2006.02.16"]
[EventType "swiss"]
[EventRounds "5"]
[EventCountry "CAN"]

1. e4 c5 2. d4 cxd4 3. c3 dxc3 4. Nxc3 Nc6 5. Nf3 e6 6. Bc4 Qc7 7. O-O a6 8.
Qe2 Nf6 9. Rd1 Bc5 10. h3 d6 11. Bf4 Ne5 12. Nxe5 dxe5 13. Bg5 Bd7 14. Rac1 Bc6
15. a3 Rd8 16. Rxd8+ Qxd8 17. b4 Bd4 18. b5 axb5 19. Nxb5 O-O 20. Nxd4 Qxd4 21.
Bxf6 gxf6 22. Qg4+ Kh8 23. Qh4 Qxe4 24. Qxf6+ Kg8 0-1

[Event "Montcalm V 2005-06"]
[Site "Quebec CAN"]
[Date "2006.02.31"]
[Round "3"]
[White "Auger, Bertrand"]
[Black "Audet-Bouchard, Nicolas"]
[Result "1/2-1/2"]
[WhiteElo "2038"]
[BlackElo "2200"]
[PlyCount "60"]
[EventDate "2006.02.16"]
[EventType "swiss"]
[EventRounds "5"]
[EventCountry "CAN"]

1. Nf3 Nf6 2. g3 c5 3. c4 Nc6 4. Nc3 e6 5. Bg2 d5 6. cxd5 exd5 7. d4 Be6 8. O-O
Be7 9. dxc5 Bxc5 10. Na4 Be7 11. Be3 b6 12. Nd4 Rc8 13. Rc1 Qd7 14. Nxc6 Rxc6
15. Rxc6 Qxc6 16. Qd4 O-O 17. Rc1 Qd7 18. Qd1 Rc8 19. Rxc8+ Qxc8 20. Nc3 Qd7
21. Bd4 b5 22. a3 a5 23. Qb3 b4 24. axb4 axb4 25. Bxf6 Bxf6 26. Nxd5 Bxd5 27.
Bxd5 Bxb2 28. Qxb4 Bf6 29. Qb8+ Qd8 30. Qxd8+ Bxd8 1/2-1/2

[Event "Montcalm V 2005-06"]
[Site "Quebec CAN"]
[Date "2006.02.31"]
[Round "3"]
[White "Berube, Antoine"]
[Black "Lessard, Claude"]
[Result "1/2-1/2"]
[WhiteElo "2191"]
[BlackElo "1958"]
[PlyCount "61"]
[EventDate "2006.02.16"]
[EventType "swiss"]
[EventRounds "5"]
[EventCountry "CAN"]

1. e4 c5 2. Nf3 d6 3. d4 cxd4 4. Nxd4 Nf6 5. Nc3 g6 6. Be3 Bg7 7. f3 O-O 8. Qd2
Nc6 9. Bc4 Bd7 10. O-O-O Rc8 11. Bb3 Ne5 12. Kb1 Nc4 13. Bxc4 Rxc4 14. g4 b5
15. h4 Bxg4 16. fxg4 Nxg4 17. Bg1 h5 18. Nd5 e6 19. b3 Rxd4 20. Bxd4 exd5 21.
Bxg7 Kxg7 22. Qxd5 Kg8 23. Qxd6 Qa8 24. Qf4 a5 25. Rd5 b4 26. Rf1 a4 27. Rxh5
axb3 28. cxb3 gxh5 29. Qg5+ Kh7 30. Qf5+ Kg7 31. Qg5+ 1/2-1/2

[Event "Montcalm V 2005-06"]
[Site "Quebec CAN"]
[Date "2006.02.31"]
[Round "3"]
[White "Caron, Sebastien"]
[Black "Sauve, Richard"]
[Result "1/2-1/2"]
[WhiteElo "1920"]
[BlackElo "2011"]
[PlyCount "57"]
[EventDate "2006.02.16"]
[EventType "swiss"]
[EventRounds "5"]
[EventCountry "CAN"]

1. e4 e6 2. d4 d5 3. Nd2 Nf6 4. e5 Nfd7 5. f4 c5 6. c3 Nc6 7. Ndf3 cxd4 8. cxd4
Qb6 9. g3 f6 10. Bh3 fxe5 11. fxe5 Bb4+ 12. Kf1 O-O 13. Bxe6+ Kh8 14. Kg2 Ndxe5
15. Bxc8 Nxf3 16. Nxf3 Raxc8 17. Rf1 Qb5 18. Bf4 Rce8 19. Rf2 Be7 20. Qf1 Qxf1+
21. Raxf1 Bf6 22. Bd6 Rg8 23. Ne5 Nxe5 24. dxe5 Bxe5 25. Bxe5 Rxe5 26. Rf7 Re2+
27. R1f2 Rxf2+ 28. Kxf2 Rb8 29. Rd7 1/2-1/2

[Event "Montcalm V 2005-06"]
[Site "Quebec CAN"]
[Date "2006.02.31"]
[Round "3"]
[White "Fortier, Bertrand"]
[Black "Monga, Alain"]
[Result "0-1"]
[WhiteElo "1677"]
[BlackElo "1710"]
[PlyCount "90"]
[EventDate "2006.02.16"]
[EventType "swiss"]
[EventRounds "5"]
[EventCountry "CAN"]

1. e4 c6 2. d4 d5 3. Nc3 dxe4 4. Nxe4 Bf5 5. Ng3 Bg6 6. c3 e6 7. Nf3 h6 8. Ne5
Bh7 9. Bd3 Bxd3 10. Qxd3 Nf6 11. O-O Nbd7 12. Qe2 Bd6 13. f4 Qc7 14. Ne4 Be7
15. Bd2 c5 16. Be1 cxd4 17. cxd4 O-O 18. Bg3 Qb6 19. Bf2 Nxe4 20. Nxd7 Qc6 21.
Nxf8 Rxf8 22. Rac1 Qd5 23. Rfe1 f5 24. Qc4 Qd6 25. Qc7 Qb4 26. Qc4 Qd6 27. g3
Bf6 28. Rcd1 g5 29. d5 e5 30. Rxe4 fxe4 31. Qxe4 Rf7 32. Rc1 b6 33. Rc6 Qf8 34.
Qf5 exf4 35. Rc8 Bd8 36. Qg6+ Rg7 37. Qe6+ Kh7 38. Bd4 Re7 39. Rxd8 Qxd8 40.
Qf5+ Kg8 41. Bf6 Re1+ 42. Kg2 Qe8 43. d6 Qe2+ 44. Kh3 Qh5+ 45. Kg2 Re2+ 0-1

[Event "Montcalm V 2005-06"]
[Site "Quebec CAN"]
[Date "2006.02.31"]
[Round "3"]
[White "Lapierre, Gaetan"]
[Black "Cournoyer, Dominic"]
[Result "0-1"]
[WhiteElo "1821"]
[BlackElo "1738"]
[PlyCount "62"]
[EventDate "2006.02.16"]
[EventType "swiss"]
[EventRounds "5"]
[EventCountry "CAN"]

1. e4 c6 2. d4 d5 3. e5 Bf5 4. g4 Bg6 5. h4 h6 6. Nd2 e6 7. h5 Bh7 8. c3 c5 9.
a3 Nc6 10. Ndf3 Be7 11. b4 c4 12. Nh3 Be4 13. Be2 f6 14. exf6 Nxf6 15. Nf4 Qd7
16. Rg1 O-O-O 17. b5 Na5 18. a4 Bd6 19. Ne5 Bxe5 20. dxe5 Nh7 21. f3 Bd3 22.
Nxd3 cxd3 23. Bxd3 Qe7 24. Be3 Nc4 25. Bxc4 dxc4 26. Bd4 Qh4+ 27. Kd2 Ng5 28.
Ke3 Rhf8 29. Rf1 Qg3 30. Qe2 Qf4+ 31. Kf2 Nxf3 0-1

[Event "Montcalm V 2005-06"]
[Site "Quebec CAN"]
[Date "2006.02.31"]
[Round "3"]
[White "Marquardt, Christian"]
[Black "L'Heureux, Clement"]
[Result "1/2-1/2"]
[WhiteElo "2056"]
[BlackElo "1927"]
[PlyCount "59"]
[EventDate "2006.02.16"]
[EventType "swiss"]
[EventRounds "5"]
[EventCountry "CAN"]

1. Nc3 d5 2. e4 dxe4 3. Nxe4 e6 4. d4 Nf6 5. Bg5 Be7 6. Bxf6 Bxf6 7. Nf3 O-O 8.
c3 Nc6 9. Bd3 Re8 10. O-O g6 11. Bb5 Bd7 12. Nc5 Rb8 13. b4 Qc8 14. Re1 a6 15.
Bc4 Ne7 16. a4 Nd5 17. Qb3 Nb6 18. Bd3 Qd8 19. Be4 Bc8 20. Rad1 c6 21. c4 Qc7
22. g3 Nd7 23. Nxd7 Bxd7 24. Ne5 Red8 25. f4 Bg7 26. d5 cxd5 27. cxd5 Bxe5 28.
fxe5 exd5 29. Bxd5 Qb6+ 30. Kg2 1/2-1/2

[Event "Montcalm V 2005-06"]
[Site "Quebec CAN"]
[Date "2006.03.08"]
[Round "4"]
[White "Audet-Bouchard, Nicolas"]
[Black "Lessard, Claude"]
[Result "1/2-1/2"]
[WhiteElo "2200"]
[BlackElo "1958"]
[PlyCount "104"]
[EventDate "2006.02.16"]
[EventType "swiss"]
[EventRounds "5"]
[EventCountry "CAN"]

1. e4 c5 2. Nf3 d6 3. c3 Nf6 4. Be2 g6 5. O-O Bg7 6. Re1 O-O 7. Bf1 Nc6 8. h3
e5 9. d3 Nh5 10. g3 b5 11. a4 bxa4 12. Rxa4 Bd7 13. Ra3 Rb8 14. Nbd2 Be6 15.
Nc4 Bxc4 16. dxc4 Qd7 17. Bg2 Nd8 18. Qd5 Nf6 19. Qd3 Ne8 20. b3 Ne6 21. Be3 f5
22. exf5 gxf5 23. Ng5 Nxg5 24. Bxg5 Kh8 25. Rea1 e4 26. Qd2 Qe6 27. Bf4 Qf6 28.
Rc1 Rf7 29. f3 Qg6 30. Re1 Re7 31. fxe4 fxe4 32. b4 cxb4 33. cxb4 Rc8 34. Qd5
Be5 35. Qxe4 Qg7 36. Kh2 Nf6 37. Qf5 Rxc4 38. Bxe5 dxe5 39. Ra6 Ne8 40. Re6
Rxb4 41. R1xe5 Rxe6 42. Qxe6 Nf6 43. Rc5 Rb8 44. Qd6 Rg8 45. Rc7 Qh6 46. Qd4
Qg5 47. Qc3 a5 48. Rf7 Rg6 49. Be4 Rh6 50. Bxh7 Rxh3+ 51. Kxh3 Qh5+ 52. Kg2
Qxf7 1/2-1/2